009170000a2200217000450024501600000065000160016065000130017665000100018965000170019965000150021665100140023165300700024565300670031565300680038265300680045065300660051804100130058470000220059710000190061977300610063810aSynonymy and variation in Eleutherodactylus bicumulus () from northern Venezuela, with a description of a new species ()14aTaxonomía14aAnfibios14aFauna14aMorfología14aBiología 4pVenezuela fLeptodactylidaegEleutherodactyluseEleotherodactylus orocostalis fLeptodactylidaegEleutherodactyluseEleotherodactylus racenisi fLeptodactylidaegEleutherodactyluseEleotherodactylus williamsi fLeptodactylidaegEleutherodactyluseEleotherodactylus bicumulus fLeptodactylidaegEleutherodactyluseEleotherodactylus riveroi0 aInglés1 aLa Marca, Enrique1 aLynch, John D.1 tCaribbean Journal of Science355h3-4q133-146d1993g29